| 000 | 00898cad a22002055a 4500 | ||
|---|---|---|---|
| 001 | L149765 | ||
| 008 | 100421u2010 xxk g 000 0 eng d | ||
| 035 | _a(Sirsi) u149765 | ||
| 041 | 0 | _aeng | |
| 050 | _a658.404 $2 18 | ||
| 110 | 2 |
_aHouse of Commons Transport Committee _95842 |
|
| 245 | 0 | 0 |
_aUpdate on the London Underground and the public-private (PPP) partnership agreements _b seventh report of session 2009-10 _breport, together with formal minutes, oral and written evidence _h[electronic resource] |
| 260 |
_aLondon _bThe Stationery Office _c2010 |
||
| 520 | _aUpdate includes references to construction. | ||
| 590 | _aKA | ||
| 651 | 4 | _aLondon | |
| 690 | _aPROPERTY-INFRASTRUCTURE-TRANSPORT INFRASTRUCTURE | ||
| 856 | 4 | 0 |
_uhttps://www.publications.parliament.uk/pa/cm200910/cmselect/cmtran/100/100.pdf _zView the website free of charge at www.publications.parliament.uk |
| 942 | _n0 | ||
| 999 |
_c120856 _d120856 |
||